Pokémon Regions - Statistics

General Stats
  • This quiz has been taken 35 times
  • The average score is 8 of 10
Answer Stats
Answer First Appearance % Correct
Kanto Pokémon Red, Blue and Yellow
100%
Johto Pokémon Gold, Silver and Crystal
95%
Alola Pokémon Sun and Moon
91%
Hoenn Pokémon Ruby, Sapphire and Emerald
86%
Sinnoh Pokémon Diamond, Pearl and Platinum
86%
Kalos Pokémon X and Y
82%
Galar Pokémon Sword and Shield
77%
Unova Pokémon Black and White
73%
Paldea Pokémon Scarlet and Violet
68%
Hisui Pokémon Legends: Arceus
59%
No matching quizzes found
Score Distribution
Percent of People with Each Score
Percentile by Number Answered
Your Score History
You have not taken this quiz